000 00254nam a2200109Ia 4500
008 190216s9999||||xx |||||||||||||| ||und||
100 _aWalter Bagehot
245 0 _aBritish Bharana Gadana
260 _bBhasha Institute
650 _aHistory
942 _cBK
999 _c38614
_d38614